Aspectos generales del proceso presupuestal Colombiano / (Registro nro. 4349)

Detalles MARC
000 -LEADER
fixed length control field 01079nam a2200253Ia 4500
003 - CONTROL NUMBER IDENTIFIER
control field OSt
005 - DATE AND TIME OF LATEST TRANSACTION
control field 20200827094444.0
008 - FIXED-LENGTH DATA ELEMENTS--GENERAL INFORMATION
fixed length control field 191128s2011 ck frl f000 0 spa d
020 ## - INTERNATIONAL STANDARD BOOK NUMBER
International Standard Book Number 9789589266625
040 ## - CATALOGING SOURCE
Original cataloging agency CO-JMCR
Transcribing agency CO-JMCR
041 0# - LANGUAGE CODE
Language code of text/sound track or separate title spa
082 04 - DEWEY DECIMAL CLASSIFICATION NUMBER
Classification number 350.722 /
Item number C718a
Edition number 23
110 1# - MAIN ENTRY--CORPORATE NAME
Corporate name or jurisdiction name as entry element Colombia.
Subordinate unit Ministerio de Hacienda y Crédito Público
9 (RLIN) 7620
245 10 - TITLE STATEMENT
Title Aspectos generales del proceso presupuestal Colombiano /
Statement of responsibility, etc. Ministerio de Hacienda y Crédito Público
250 ## - EDITION STATEMENT
Edition statement 2a. edición
260 ## - PUBLICATION, DISTRIBUTION, ETC.
Place of publication, distribution, etc. Bogotá :
Name of publisher, distributor, etc. Ministerio de Hacienda y Crédito Público,
Date of publication, distribution, etc. 2011
300 ## - PHYSICAL DESCRIPTION
Extent 533 páginas ;
Dimensions 24 cm.
505 0# - FORMATTED CONTENTS NOTE
Formatted contents note El presupuesto público: definición y conceptos básicos -- Aspectos generales de las etapas del proceso presupuestal de los órganos que conforman el Presupuesto General de la Nación -- Clasificadores presupuestales
650 14 - SUBJECT ADDED ENTRY--TOPICAL TERM
Topical term or geographic name entry element Presupuesto
Geographic subdivision Colombia
9 (RLIN) 9328
650 14 - SUBJECT ADDED ENTRY--TOPICAL TERM
Topical term or geographic name entry element Gastos públicos
Geographic subdivision Colombia
9 (RLIN) 6959
650 14 - SUBJECT ADDED ENTRY--TOPICAL TERM
Topical term or geographic name entry element Procedimiento presupuestal
Geographic subdivision Colombia
9 (RLIN) 9329
650 14 - SUBJECT ADDED ENTRY--TOPICAL TERM
Topical term or geographic name entry element Proceso presupuestal
Geographic subdivision Colombia
9 (RLIN) 8587
942 ## - ADDED ENTRY ELEMENTS (KOHA)
Source of classification or shelving scheme Dewey Decimal Classification
Koha item type Books
Existencias
Withdrawn status Lost status Source of classification or shelving scheme Damaged status Not for loan Collection code Home library Current library Date acquired Source of acquisition Total Checkouts Total Renewals Full call number Barcode Date last seen Date last checked out Copy number Koha item type
    Dewey Decimal Classification     Non-fiction Biblioteca Pública José María del Castillo y Rada Biblioteca Pública José María del Castillo y Rada 04/15/2018 Donación 3 2 350.722 / C718a 201809194 04/01/2025 03/13/2025 Ej.1 Books